Využitie kalkulácií podľa čiastkových činností (ABC) diplomová práca

Enregistré dans:
Détails bibliographiques
Auteur principal: Hutajová, Lenka
Collectivité auteur: Podnikovohospodárska fakulta EU so sídlom v Košiciach. Katedra účtovníctva a financií
Autres auteurs: Slivková, Adela, 1986-
Format: Livre
Langue:slovaque
Publié: Košice 2014
Tags: Ajouter un tag
Pas de tags, Soyez le premier à ajouter un tag!

MARC

LEADER 00000nbm a2200000 4500
001 0187124
005 20170315090442.8
041 0 |a slo 
044 |a SK 
245 1 0 |a Využitie kalkulácií podľa čiastkových činností (ABC)  |b diplomová práca  |c Lenka Hutajová ; školiteľ: Adela Slivková 
264 1 |a Košice  |c 2014 
300 |a 70 s. 
100 1 |a Hutajová, Lenka 
700 1 |a Slivková, Adela, 1986- 
710 2 |a Podnikovohospodárska fakulta EU so sídlom v Košiciach. Katedra účtovníctva a financií